|
|
|
|
| LEADER |
01341nam a22003617a 4500 |
| 001 |
mzk03000737721 |
| 003 |
CZ BrMZK |
| 005 |
20130725152402.0 |
| 007 |
ta |
| 008 |
040922s1508 gw a fr|||||00| ||latod |
| 040 |
|
|
|a BOA001
|c BOA001
|b cze
|
| 072 |
|
7 |
|a 094
|x Staré tisky
|2 Konspekt
|9 12
|
| 080 |
|
|
|a (0.068)094
|2 MRF
|
| 100 |
1 |
|
|a Stamler, Johannes,
|d 15./16. stol.
|4 aut
|
| 245 |
1 |
0 |
|a Dyalogus ... De diversarum gencium sectis et mundi religionibus. ...
|
| 260 |
|
|
|a Augustae :
|b Erhard Oglin et Ieorg Nadler,
|c 1508
|
| 300 |
|
|
|a [1], XXXII, [2] listů ;
|c 2°
|
| 500 |
|
|
|a Výzdoba: Celostránkový titulní dřevořez s xylografickým titulem, iniciály
|
| 501 |
|
|
|a Přívazek 1 k: Polyanthea Opus auauissimis floribus exornatum compositum per ... / Dominicus Mirabellius Nanus
|
| 653 |
|
|
|a náboženství
|
| 653 |
|
|
|a sekty náboženské
|
| 655 |
|
7 |
|a staré tisky
|7 fd422076
|2 czenas
|
| 700 |
1 |
|
|a Aytinger, Wolfgang,
|d činný 15. století
|7 mzk2005290153
|4 com
|
| 903 |
|
|
|a RP
|
| 910 |
|
|
|a BOA001
|b ST3-0789.200,přív.1
|
| 978 |
|
|
|b Nadler, Jörg
|a Augsburg
|c 1508
|
| 978 |
|
|
|b Öglin, Erhard
|a Augsburg
|c 1508
|
| 984 |
|
|
|a Augsburg
|b Německo
|
| 985 |
|
|
|a 1501-1550
|
| 990 |
|
|
|a BK
|
| 993 |
|
|
|a Y
|
| 991 |
|
|
|k mzk
|
| 994 |
|
|
|a UP
|l MZK03
|b 000450330
|m přívazek 1
|n záznam 1. díla (pro objednání pokračujte kliknutím)
|